000 00577nam a22001817a 4500
005 20251127183141.0
008 251125b |||||||| |||| 00| 0 eng d
020 _a978-93-88022-98-9
041 _aeng
082 _a615.1 NAG-P
100 _aNAGAR, DR AKHIL 2- LOKWANI, DR. DEEPAK 3- BENDALE, DR. ATUL 4- CHAUDHARI, MR.PRITAM B.
_98811
245 _aPRACTICAL MANUAL OF INORGANIC, ORGANIC And MEDICINAL CHEMISTRY
250 _a1ST ED, 2023
260 _aNEW DELHI
_bINNOVATIVE PUBLICATION PVT. LTD
_c2023
300 _a249;P
650 _aPHARMACY
_xB.PHARMA
942 _cBK
999 _c8991
_d8989